[Event "Andalucia-ch-A/U18"]
[Site "Linares"]
[Date "2025.05.23"]
[Round "2"]
[White "Miguez Dominguez, Guillermo Santiago"]
[Black "Lorente Serrano, Rosa Adela"]
[Result "0-1"]
[WhiteElo "1904"]
[BlackElo "2128"]
[PlyCount "78"]
[EventDate "2025.05.22"]
[EventType "swiss"]
[EventRounds "7"]
[EventCountry "ESP"]
[SourceTitle "CB22_2025"]
[SourceDate "2025.05.28"]
[SourceVersion "1"]
[SourceVersionDate "2025.05.28"]
[SourceQuality "1"]

1. e4 c5 2. Nf3 d6 3. c4 e5 4. h3 g6 5. Nc3 Bg7 6. Rb1 Nc6 7. Bd3 Nge7 8. Bc2 0-0 9. d3 h6 10. g4 Nd4 11. Nxd4 exd4 12. Nd5 Nxd5 13. cxd5 b5 14. a4 a6 15. Bf4 f5 16. gxf5 gxf5 17. Rg1 fxe4 18. Bxh6 Ra7 19. Bg5 Qe8 20. dxe4 c4 21. f3 d3 22. Bxd3 cxd3 23. Qxd3 Qh5 24. Kf2 Raf7 25. Rg3 Kh8 26. Rbg1 Be5 27. f4 Bxf4 28. Bxf4 Rxf4+ 29. Ke1 Qe5 30. Kd1 Qxb2 31. Qc3+ Qxc3 32. Rxc3 Rxe4 33. axb5 axb5 34. Rg5 Bf5 35. Rc7 Rh4 36. Rb7 Bd3 37. Rg3 Bc4 38. Rg6 Rxh3 39. Rd7 Rh2 0-1

[Event "ESP-ch 89th"]
[Site "Marbella"]
[Date "2024.12.14"]
[Round "4"]
[White "Lorente Serrano, Rosa Adela"]
[Black "Rodriguez Dogmoch, Kyran"]
[Result "1-0"]
[WhiteElo "2130"]
[BlackElo "1979"]
[PlyCount "69"]
[EventDate "2024.12.11"]
[EventType "swiss"]
[EventRounds "9"]
[EventCountry "ESP"]
[SourceTitle "CB52_2024"]
[SourceDate "2024.12.25"]
[SourceVersion "1"]
[SourceVersionDate "2024.12.25"]
[SourceQuality "1"]

1. e4 c5 2. Nf3 g6 3. d4 cxd4 4. Nxd4 Nc6 5. c4 Bg7 6. Be3 Qb6 7. Nb5 Qa5+ 8. N1c3 Nf6 9. Bd3 d6 10. 0-0 Ng4 11. Bd2 0-0 12. Be2 Nf6 13. h3 Qd8 14. Be3 Be6 15. Rc1 Rc8 16. b3 Nd7 17. Nd4 Nxd4 18. Bxd4 Bxd4 19. Qxd4 Qb6 20. Qd2 Ne5 21. Kh1 Nc6 22. Rcd1 Qa5 23. f4 f5 24. exf5 Bxf5 25. Bf3 e5 26. fxe5 dxe5 27. Bxc6 Rxc6 28. Qe3 Qc5 29. Qg5 Rcf6 30. Ne4 Bxe4 31. Rxf6 Bf5 32. Rxf8+ Kxf8 33. Qf6+ Kg8 34. Rd8+ Qf8 35. Rxf8# 1-0

[Event "ESP-ch 89th"]
[Site "Marbella"]
[Date "2024.12.13"]
[Round "3"]
[White "Trigo Urquijo, Sergio"]
[Black "Lorente Serrano, Rosa Adela"]
[Result "1-0"]
[WhiteElo "2370"]
[BlackElo "2130"]
[PlyCount "59"]
[EventDate "2024.12.11"]
[EventType "swiss"]
[EventRounds "9"]
[EventCountry "ESP"]
[SourceTitle "CB52_2024"]
[SourceDate "2024.12.25"]
[SourceVersion "1"]
[SourceVersionDate "2024.12.25"]
[SourceQuality "1"]

1. d4 Nf6 2. c4 g6 3. Nc3 Bg7 4. e4 d6 5. Nf3 0-0 6. h3 e5 7. d5 Nh5 8. g3 f5 9. Be2 a5 10. exf5 gxf5 11. Ng5 Nf6 12. g4 f4 13. Nge4 Na6 14. Bd3 Nc5 15. Nxc5 dxc5 16. Ne4 Nxe4 17. Bxe4 Ra6 18. f3 Qh4+ 19. Ke2 h5 20. Bd2 Rd6 21. Bxa5 b6 22. Be1 Qe7 23. Qc2 b5 24. cxb5 Bd7 25. a4 c6 26. bxc6 Bc8 27. Qxc5 Ba6+ 28. Kf2 Rb8 29. b4 Bf8 30. b5 1-0

[Event "Iberoamerican-ch 10th"]
[Site "Linares"]
[Date "2024.09.30"]
[Round "8"]
[White "Lorente Serrano, Rosa Adela"]
[Black "Escalona Landi, Samid Eduardo"]
[Result "0-1"]
[WhiteElo "2087"]
[BlackElo "2305"]
[PlyCount "72"]
[EventDate "2024.09.25"]
[EventType "swiss"]
[EventRounds "9"]
[EventCountry "ESP"]
[SourceTitle "EXT 2025"]
[Source "ChessBase"]
[SourceDate "2024.10.14"]
[SourceVersion "1"]
[SourceVersionDate "2024.10.14"]
[SourceQuality "1"]

1. e4 c5 2. Be2 Nc6 3. d3 g6 4. f4 Bg7 5. Nf3 e6 6. 0-0 Nge7 7. c3 0-0 8. Be3 b6 9. d4 f5 10. e5 Nd5 11. Bc1 cxd4 12. cxd4 Bb7 13. Nc3 Nce7 14. a4 a6 15. Bc4 Qc7 16. Nxd5 Nxd5 17. Qe2 Rfc8 18. b3 b5 19. axb5 axb5 20. Rxa8 Rxa8 21. Bxd5 Bxd5 22. Qxb5 Rb8 23. Qa4 Bxb3 24. Qa1 Bf8 25. Bd2 Bd5 26. Rc1 Qb7 27. Ne1 Be7 28. Qa4 Bh4 29. g3 Be7 30. Qc2 Ba3 31. Ra1 Bb2 32. Ra4 Bb3 33. Qxb2 Bxa4 34. Qxb7 Rxb7 35. Nd3 Rb1+ 36. Kf2 Rh1 0-1

[Event "Iberoamerican-ch 10th"]
[Site "Linares"]
[Date "2024.09.25"]
[Round "1"]
[White "Labiano Hernandez, Juan"]
[Black "Lorente Serrano, Rosa Adela"]
[Result "0-1"]
[WhiteElo "2398"]
[BlackElo "2087"]
[PlyCount "48"]
[EventDate "2024.09.25"]
[EventType "swiss"]
[EventRounds "9"]
[EventCountry "ESP"]
[SourceTitle "EXT 2025"]
[Source "ChessBase"]
[SourceDate "2024.10.14"]
[SourceVersion "1"]
[SourceVersionDate "2024.10.14"]
[SourceQuality "1"]

1. d4 Nf6 2. c4 g6 3. Nc3 Bg7 4. e4 d6 5. h3 0-0 6. Be3 e5 7. d5 a5 8. g4 Na6 9. Nge2 h5 10. Bg5 hxg4 11. Ng3 Qd7 12. hxg4 Nh7 13. Be3 Qxg4 14. Qd2 Qd7 15. Bh6 f6 16. 0-0-0 Bxh6 17. Rxh6 Qg7 18. Be2 Ng5 19. Rdh1 Bd7 20. f4 exf4 21. Qxf4 Nc5 22. Bg4 Nd3+ 23. Kc2 Nxf4 24. Bxd7 Qxd7 0-1

[Event "ESP-chT CECLUB Div2"]
[Site "Linares"]
[Date "2024.08.16"]
[Round "7.28"]
[White "Martinez Fernandez, Raul"]
[Black "Lorente Serrano, Rosa Adela"]
[Result "0-1"]
[WhiteElo "2183"]
[BlackElo "2054"]
[PlyCount "98"]
[EventDate "2024.08.11"]
[EventType "team-swiss"]
[EventRounds "7"]
[EventCountry "ESP"]
[SourceTitle "CBM 221 Extra"]
[Source "ChessBase"]
[SourceDate "2024.09.30"]
[SourceVersion "1"]
[SourceVersionDate "2024.09.30"]
[SourceQuality "1"]
[WhiteTeam "San Sebastian de los Reyes"]
[BlackTeam "Metro Club"]
[WhiteTeamCountry "ESP"]
[BlackTeamCountry "ESP"]

1. e4 c5 2. Nf3 d6 3. d4 Nf6 4. Nc3 cxd4 5. Nxd4 a6 6. h3 e5 7. Nde2 h5 8. g3 Be7 9. Bg2 b5 10. 0-0 Nbd7 11. a4 b4 12. Nd5 Nxd5 13. Qxd5 Nb6 14. Qd2 a5 15. b3 Ba6 16. Rd1 Rc8 17. Bb2 Nd7 18. c4 Qb6 19. Bc1 h4 20. Qc2 Bb7 21. Be3 Qc7 22. f4 hxg3 23. Nxg3 g6 24. Rf1 Bh4 25. Rf3 f6 26. Nf1 Nc5 27. Nd2 0-0 28. Rff1 Rce8 29. Qd1 exf4 30. Bxf4 g5 31. Be3 Bg3 32. Qg4 Be5 33. Rab1 Re7 34. h4 Bc8 35. Rf5 Rg7 36. hxg5 Ne6 37. Nf3 Nxg5 38. Nxg5 fxg5 39. Rxf8+ Kxf8 40. Qh5 Be6 41. Rf1+ Bf7 42. Qh8+ Ke7 43. Qh6 g4 44. Qh4+ Ke8 45. Qf2 Bh2+ 46. Kxh2 g3+ 47. Qxg3 Rxg3 48. Kxg3 Be6 49. Bd4 d5+ 0-1

[Event "ESP-chT CECLUB Div2"]
[Site "Linares"]
[Date "2024.08.12"]
[Round "2.34"]
[White "Perez Perez, Alejandro"]
[Black "Lorente Serrano, Rosa Adela"]
[Result "0-1"]
[WhiteElo "2021"]
[BlackElo "2054"]
[PlyCount "96"]
[EventDate "2024.08.11"]
[EventType "team-swiss"]
[EventRounds "7"]
[EventCountry "ESP"]
[SourceTitle "CBM 221 Extra"]
[Source "ChessBase"]
[SourceDate "2024.09.30"]
[SourceVersion "1"]
[SourceVersionDate "2024.09.30"]
[SourceQuality "1"]
[WhiteTeam "Fundacion La Caja"]
[BlackTeam "Metro Club"]
[WhiteTeamCountry "ESP"]
[BlackTeamCountry "ESP"]

1. d4 Nf6 2. c4 g6 3. f3 c5 4. d5 d6 5. Nc3 Bg7 6. e4 0-0 7. Bg5 a6 8. a4 h6 9. Be3 e6 10. Qd2 exd5 11. cxd5 Kh7 12. Nge2 Nbd7 13. Ng3 Ne5 14. Be2 Bd7 15. h3 b5 16. 0-0 Rb8 17. f4 Nc4 18. Bxc4 bxc4 19. e5 Ne8 20. Nge4 Bf5 21. Ra2 Rb3 22. Kh1 Bxe4 23. Nxe4 Rd3 24. Qe2 Qa8 25. exd6 Qxd5 26. Bxc5 Nf6 27. Nxf6+ Bxf6 28. Ra3 Rd2 29. Qg4 Qxc5 30. d7 h5 31. Qf3 Rxd7 32. f5 Qxf5 33. Qe2 Qe6 34. Re3 Qc6 35. Re4 Rd4 36. Re3 Bg7 37. Re7 Qd5 38. Rf2 Qd6 39. Rexf7 Rxf7 40. Rxf7 Rd1+ 41. Rf1 Rxf1+ 42. Qxf1 Qd2 43. h4 Qxb2 44. Qxc4 Qb1+ 45. Kh2 a5 46. g3 Qe1 47. Qf7 Qe2+ 48. Kg1 Qd1+ 0-1

[Event "ESP-ch 88th"]
[Site "Marbella"]
[Date "2023.10.17"]
[Round "5"]
[White "Casado Torres, Daniel"]
[Black "Lorente Serrano, Rosa Adela"]
[Result "0-1"]
[WhiteElo "1685"]
[BlackElo "1904"]
[PlyCount "129"]
[EventDate "2023.10.13"]
[EventType "swiss"]
[EventRounds "9"]
[EventCountry "ESP"]
[SourceTitle "CBM 216 Extra"]
[Source "ChessBase"]
[SourceDate "2023.11.30"]
[SourceVersion "1"]
[SourceVersionDate "2023.11.30"]
[SourceQuality "1"]

1. e4 c5 2. Nf3 d6 3. c3 Nf6 4. h3 g6 5. Bd3 Bg7 6. 0-0 0-0 7. Bc2 e5 8. d4 exd4 9. cxd4 Nc6 10. Nc3 cxd4 11. Nb5 d5 12. exd5 Nxd5 13. Nbxd4 Qb6 14. Nxc6 bxc6 15. Bb3 Ba6 16. Re1 Rad8 17. Bxd5 Rxd5 18. Qa4 Bb5 19. Qa3 a5 20. Be3 Qc7 21. Rad1 Rxd1 22. Rxd1 Be2 23. Rd2 Bxf3 24. gxf3 Qe5 25. Qc5 Qxc5 26. Bxc5 Rb8 27. b3 Be5 28. Rd7 Kg7 29. Ra7 Rb5 30. Be3 Bb8 31. Ra6 c5 32. Kf1 Be5 33. a4 Rxb3 34. Rxa5 Bd4 35. Bxd4+ cxd4 36. Rd5 Rxf3 37. Rxd4 Rxh3 38. Rd8 Ra3 39. Ra8 Kf6 40. a5 h5 41. a6 Kg5 42. a7 Kg4 43. Kg2 Ra2 44. Rb8 Rxa7 45. Rb4+ Kg5 46. Kg3 Ra3+ 47. Kg2 h4 48. Rb7 h3+ 49. Kh2 Rf3 50. Rb2 f5 51. Rc2 Kg4 52. Rc4+ Rf4 53. Rc2 g5 54. Kg1 Rd4 55. Rc3 f4 56. Rb3 Rd1+ 57. Kh2 Rd2 58. Rc3 Rxf2+ 59. Kh1 Rb2 60. Rd3 f3 61. Rd1 f2 62. Rc1 Kf3 63. Ra1 Ke2 64. Rc1 Rd2 65. Re1+ 0-1

[Event "ESP-ch 88th"]
[Site "Marbella"]
[Date "2023.10.13"]
[Round "1"]
[White "Masague Artero, Guerau"]
[Black "Lorente Serrano, Rosa Adela"]
[Result "1-0"]
[WhiteElo "2305"]
[BlackElo "1904"]
[PlyCount "73"]
[EventDate "2023.10.13"]
[EventType "swiss"]
[EventRounds "9"]
[EventCountry "ESP"]
[SourceTitle "CBM 216 Extra"]
[Source "ChessBase"]
[SourceDate "2023.11.30"]
[SourceVersion "1"]
[SourceVersionDate "2023.11.30"]
[SourceQuality "1"]

1. Nf3 d6 2. g3 e5 3. Bg2 f5 4. c4 Nf6 5. Nc3 Be7 6. d4 e4 7. Ng5 0-0 8. 0-0 c6 9. d5 Na6 10. f3 Qb6+ 11. Kh1 Nc5 12. b3 h6 13. Nh3 exf3 14. exf3 g5 15. Re1 Rf7 16. Bb2 Bd7 17. Qd4 Bf8 18. Re2 Bg7 19. Qd2 a5 20. dxc6 Bxc6 21. Nd5 Bxd5 22. cxd5 Qb5 23. Bf1 Qd7 24. Rae1 b5 25. Re6 b4 26. Bc4 Qc7 27. Qc2 Raf8 28. Qxf5 Nfe4 29. Qg6 Nc3 30. Rxd6 Rxf3 31. Rc6 Qa7 32. d6+ R3f7 33. Re7 Qa8 34. d7 Nxd7 35. Rxf7 Rxf7 36. Qxf7+ Kh8 37. Qxd7 1-0

[Event "ESP-ch Rapid"]
[Site "Linares"]
[Date "2023.08.19"]
[Round "9"]
[White "Lorente Serrano, Rosa Adela"]
[Black "Perez Manas, Benjamin"]
[Result "1-0"]
[WhiteElo "1920"]
[BlackElo "2210"]
[PlyCount "55"]
[EventDate "2023.08.19"]
[EventType "swiss (rapid)"]
[EventRounds "10"]
[EventCountry "ESP"]
[SourceTitle "CBM 215 Extra"]
[Source "ChessBase"]
[SourceDate "2023.09.30"]
[SourceVersion "1"]
[SourceVersionDate "2023.09.30"]
[SourceQuality "1"]

1. Nf3 d5 2. g3 Nf6 3. Bg2 e6 4. 0-0 Be7 5. c4 dxc4 6. Qa4+ Nbd7 7. Qxc4 0-0 8. d4 a6 9. a4 b5 10. Qd3 Rb8 11. axb5 axb5 12. e4 Nc5 13. Qc2 Ncxe4 14. Ne5 Bb7 15. Be3 Nd6 16. Bxb7 Rxb7 17. Nc6 Qe8 18. Nd2 Nd5 19. Rfc1 Bf6 20. Qc5 Nf5 21. Nf1 h5 22. Ra5 b4 23. Rca1 g6 24. R1a4 Rb6 25. Ne5 Bxe5 26. dxe5 Rc6 27. Qb5 Rc1 28. Bxc1 1-0

[Event "ESP-ch Rapid"]
[Site "Linares"]
[Date "2023.08.19"]
[Round "10"]
[White "Martinez Reyes, Pedro Ramon"]
[Black "Lorente Serrano, Rosa Adela"]
[Result "1-0"]
[WhiteElo "2354"]
[BlackElo "1920"]
[PlyCount "63"]
[EventDate "2023.08.19"]
[EventType "swiss (rapid)"]
[EventRounds "10"]
[EventCountry "ESP"]
[SourceTitle "CBM 215 Extra"]
[Source "ChessBase"]
[SourceDate "2023.09.30"]
[SourceVersion "1"]
[SourceVersionDate "2023.09.30"]
[SourceQuality "1"]

1. e4 c5 2. Nf3 Nc6 3. d4 cxd4 4. Nxd4 e5 5. Nb5 d6 6. c4 g6 7. Bd3 a6 8. N5c3 Bg7 9. Nd5 h6 10. Be3 Be6 11. Bb6 Qc8 12. Nc7+ Kf8 13. Nxa8 Qxa8 14. Nc3 Nge7 15. Nd5 Qc8 16. 0-0 Nd4 17. Rc1 f5 18. Nxe7 Kxe7 19. Bxd4 exd4 20. exf5 gxf5 21. f4 b6 22. Re1 Kd7 23. Qh5 Qf8 24. Qg6 Qf6 25. Qh5 Rf8 26. Re2 Bg8 27. Rce1 d5 28. cxd5 Bxd5 29. Re5 Qf7 30. Bxf5+ Kd8 31. Bg6 Qd7 32. Rxd5 1-0

[Event "ESP-ch U18"]
[Site "Salobrena"]
[Date "2023.08.02"]
[Round "4"]
[White "Lorente Serrano, Rosa Adela"]
[Black "Maldonado Mena, German"]
[Result "0-1"]
[WhiteElo "1939"]
[BlackElo "2139"]
[PlyCount "104"]
[EventDate "2023.07.31"]
[EventType "swiss"]
[EventRounds "9"]
[EventCountry "ESP"]
[SourceTitle "CBM 215 Extra"]
[Source "ChessBase"]
[SourceDate "2023.09.30"]
[SourceVersion "1"]
[SourceVersionDate "2023.09.30"]
[SourceQuality "1"]

1. e4 c5 2. Be2 g6 3. d3 Bg7 4. f4 Nc6 5. Nf3 d6 6. 0-0 Nf6 7. c3 0-0 8. Kh1 Rb8 9. Be3 b5 10. a3 a5 11. Nbd2 Qb6 12. d4 Nd7 13. d5 Nd8 14. Qc2 e6 15. dxe6 fxe6 16. Nh4 Nc6 17. Rf3 Qd8 18. Rh3 Nf6 19. Rf1 Qe8 20. Rg3 Qe7 21. f5 Nh5 22. Bxh5 Qxh4 23. Be2 Qe7 24. fxg6 Rxf1+ 25. Bxf1 hxg6 26. Rxg6 Ne5 27. Rg3 Qf6 28. Qd1 Nf7 29. Be2 b4 30. axb4 axb4 31. Bh5 Rb7 32. Rf3 Qh4 33. Bxf7+ Rxf7 34. Rxf7 Kxf7 35. cxb4 cxb4 36. Nc4 Ba6 37. Nxd6+ Kg8 38. g3 Qd8 39. Bc5 Qa5 40. Bd4 Bxd4 41. Qxd4 Qa1+ 42. Qg1 Qxb2 43. Qd1 Be2 44. Nc4 Bxc4 45. Qd8+ Kf7 46. Qc7+ Kf6 47. Qf4+ Kg6 48. Qg4+ Kh7 49. Qh4+ Kg7 50. Qg5+ Kf7 51. Qh5+ Ke7 52. Qg5+ Kd7 0-1

[Event "Titled Tuesday intern op 04th Oct Early"]
[Site "Chess.com INT"]
[Date "2022.10.04"]
[Round "3"]
[White "Lorente Serrano, Rosa Adela"]
[Black "Hoffmann, Asa"]
[Result "0-1"]
[WhiteElo "1901"]
[BlackElo "2185"]
[PlyCount "92"]
[EventDate "2022.10.04"]
[EventType "swiss (blitz)"]
[EventRounds "11"]
[EventCountry "USA"]
[SourceTitle "EXT 2023"]
[Source "ChessBase"]
[SourceDate "2022.10.05"]
[SourceVersion "1"]
[SourceVersionDate "2022.10.05"]
[SourceQuality "1"]

1. g3 d6 2. Bg2 e5 3. e4 f5 4. d4 Nc6 5. dxe5 Nxe5 6. Ne2 Nf6 7. exf5 Bxf5 8. Bxb7 c6 9. Nd4 Bg4 10. f3 Rb8 11. Bxc6+ Bd7 12. Bxd7+ Qxd7 13. 0-0 Be7 14. Nc3 0-0 15. Kg2 Rfc8 16. a4 Rb4 17. Ncb5 a6 18. c3 Rbc4 19. Na3 R4c7 20. Be3 d5 21. Bf2 Bc5 22. Re1 Ng6 23. Qd3 Rb7 24. b4 Bf8 25. Rac1 Qxa4 26. Nb1 Qd7 27. Nd2 Rbc7 28. N2b3 Rc4 29. Na5 R4c7 30. Ne6 Ra7 31. h4 Bd6 32. Bxa7 Qxa7 33. Qd4 Qf7 34. Nb3 Rc4 35. Nbc5 Rxd4 36. cxd4 h6 37. Nxa6 Nh5 38. Rc8+ Kh7 39. f4 Nhxf4+ 40. gxf4 Nxf4+ 41. Nxf4 Qxf4 42. Nc5 Qg3+ 43. Kf1 Qf3+ 44. Kg1 Bg3 45. Rf1 Qg4 46. Kh1 Qh3+ 0-1

[Event "Titled Tuesday intern op 04th Oct Early"]
[Site "Chess.com INT"]
[Date "2022.10.04"]
[Round "5"]
[White "Tsatsalashvili, Ketevan"]
[Black "Lorente Serrano, Rosa Adela"]
[Result "1-0"]
[WhiteElo "2303"]
[BlackElo "1901"]
[PlyCount "57"]
[EventDate "2022.10.04"]
[EventType "swiss (blitz)"]
[EventRounds "11"]
[EventCountry "USA"]
[SourceTitle "EXT 2023"]
[Source "ChessBase"]
[SourceDate "2022.10.05"]
[SourceVersion "1"]
[SourceVersionDate "2022.10.05"]
[SourceQuality "1"]

1. d4 e6 2. c4 b6 3. Nc3 Bb7 4. e4 Bb4 5. Bd3 Bxc3+ 6. bxc3 d5 7. cxd5 exd5 8. e5 c5 9. Nf3 Ne7 10. 0-0 c4 11. Bc2 Nd7 12. Ba3 Nf8 13. h4 Qd7 14. Rb1 Ne6 15. Bd6 0-0-0 16. a4 Nc6 17. Ng5 h6 18. Nxe6 fxe6 19. f4 g5 20. f5 gxh4 21. fxe6 Qg7 22. Bf5 Ne7 23. Bh3 Rde8 24. Rf7 Qg5 25. Qc1 Kd8 26. Qa3 Rhg8 27. Bxe7+ Rxe7 28. Qd6+ Ke8 29. Qb8+ 1-0

[Event "Titled Tuesday intern op 06th Sep Early"]
[Site "Chess.com INT"]
[Date "2022.09.06"]
[Round "1"]
[White "Lorente Serrano, Rosa Adela"]
[Black "Danielyan, Vahe"]
[Result "0-1"]
[WhiteElo "1901"]
[BlackElo "2284"]
[PlyCount "56"]
[EventDate "2022.09.06"]
[EventType "swiss (blitz)"]
[EventRounds "11"]
[EventCountry "USA"]
[SourceTitle "EXT 2023"]
[Source "ChessBase"]
[SourceDate "2022.10.05"]
[SourceVersion "1"]
[SourceVersionDate "2022.10.05"]
[SourceQuality "1"]

1. e4 d5 2. exd5 Qxd5 3. Nf3 Bg4 4. Nc3 Qe6+ 5. Qe2 Qxe2+ 6. Bxe2 Nf6 7. d4 c6 8. h3 Bh5 9. Bf4 Nbd7 10. 0-0-0 e6 11. Rhe1 Bb4 12. Bc4 Bxf3 13. gxf3 0-0 14. a3 Bxc3 15. bxc3 Nd5 16. Bxd5 cxd5 17. Rg1 Rfc8 18. Bh6 g6 19. Rd3 Rc6 20. f4 Rac8 21. Kd2 Nf6 22. f3 Ne8 23. h4 Nd6 24. h5 Nc4+ 25. Ke2 Nxa3 26. hxg6 fxg6 27. Re3 Nc4 28. Rd3 Nd6 0-1

[Event "ESP-chT CECLUB Div2"]
[Site "Linares"]
[Date "2022.08.25"]
[Round "5.4"]
[White "Lorente Serrano, Rosa Adela"]
[Black "Mas Mestres, Jordi"]
[Result "1-0"]
[WhiteElo "1980"]
[BlackElo "1813"]
[PlyCount "65"]
[EventDate "2022.08.22"]
[EventType "team-swiss"]
[EventRounds "7"]
[EventCountry "ESP"]
[SourceTitle "CBM 209 Extra"]
[Source "ChessBase"]
[SourceDate "2022.09.30"]
[SourceVersion "1"]
[SourceVersionDate "2022.09.30"]
[SourceQuality "1"]
[WhiteTeam "Nazari Area F5"]
[BlackTeam "Lira Vendrellenca"]
[WhiteTeamCountry "ESP"]
[BlackTeamCountry "ESP"]

1. Nf3 d5 2. g3 Nc6 3. d4 Bg4 4. Bg2 Qd7 5. 0-0 h5 6. Ne5 Nxe5 7. dxe5 0-0-0 8. Qd4 b6 9. e4 Bh3 10. Qxd5 c6 11. Bxh3 cxd5 12. Bxd7+ Rxd7 13. exd5 Rxd5 14. e6 fxe6 15. Nc3 Rf5 16. Re1 Kd7 17. Bf4 g5 18. Rad1+ Ke8 19. Bb8 Nf6 20. Bxa7 Nd7 21. Rxe6 Rh6 22. Rxh6 Bxh6 23. Nd5 b5 24. Nc7+ Kd8 25. Ne6+ Kc8 26. Be3 Re5 27. Nd4 Rd5 28. Re1 Ne5 29. Kg2 Nc4 30. Nc6 Kd7 31. Nxe7 Nxe3+ 32. Rxe3 Rd2 33. Nf5 1-0

[Event "ESP-chT CECLUB Div2"]
[Site "Linares"]
[Date "2022.08.24"]
[Round "4.1"]
[White "Tabera Benitez, Sebastian"]
[Black "Lorente Serrano, Rosa Adela"]
[Result "1-0"]
[WhiteElo "1890"]
[BlackElo "1980"]
[PlyCount "77"]
[EventDate "2022.08.22"]
[EventType "team-swiss"]
[EventRounds "7"]
[EventCountry "ESP"]
[SourceTitle "CBM 209 Extra"]
[Source "ChessBase"]
[SourceDate "2022.09.30"]
[SourceVersion "1"]
[SourceVersionDate "2022.09.30"]
[SourceQuality "1"]
[WhiteTeam "Naxfor Benalmadena"]
[BlackTeam "Nazari Area F5"]
[WhiteTeamCountry "ESP"]
[BlackTeamCountry "ESP"]

1. e4 c5 2. Nf3 d6 3. d4 Nf6 4. Nc3 cxd4 5. Nxd4 a6 6. Bg5 Nbd7 7. f4 g6 8. Bc4 Qc7 9. Qe2 Bg7 10. 0-0-0 0-0 11. Bb3 b5 12. Rhe1 Nb6 13. e5 dxe5 14. fxe5 Ng4 15. e6 f5 16. g3 Bb7 17. h3 Nf6 18. Bf4 Qc8 19. Be5 Ne4 20. Bxg7 Nxc3 21. Qe5 Nxd1 22. Bh8 Rf6 23. Bxf6 Nf2 24. Kb1 Qf8 25. Bh4 Qb8 26. Qxb8+ Rxb8 27. Bxe7 Nc4 28. a4 Nd2+ 29. Ka2 Nxb3 30. Kxb3 Bd5+ 31. Kb4 Ne4 32. axb5 axb5 33. g4 Re8 34. Bc5 Bxe6 35. gxf5 gxf5 36. Rg1+ Kf7 37. Nxb5 Nxc5 38. Nd6+ Ke7 39. Nxe8 1-0

[Event "ESP-chT CECLUB Div2"]
[Site "Linares"]
[Date "2022.08.23"]
[Round "2.6"]
[White "Campana Valencia, Lidia"]
[Black "Lorente Serrano, Rosa Adela"]
[Result "0-1"]
[WhiteElo "1588"]
[BlackElo "1980"]
[PlyCount "106"]
[EventDate "2022.08.22"]
[EventType "team-swiss"]
[EventRounds "7"]
[EventCountry "ESP"]
[SourceTitle "CBM 209 Extra"]
[Source "ChessBase"]
[SourceDate "2022.09.30"]
[SourceVersion "1"]
[SourceVersionDate "2022.09.30"]
[SourceQuality "1"]
[WhiteTeam "Palacio de Pioneros"]
[BlackTeam "Nazari Area F5"]
[WhiteTeamCountry "ESP"]
[BlackTeamCountry "ESP"]

1. e4 c5 2. Nf3 Nc6 3. c3 Nf6 4. Bd3 d6 5. h3 g6 6. Bc2 Bg7 7. 0-0 e5 8. d4 exd4 9. cxd4 0-0 10. Nc3 Nd7 11. Bg5 Qb6 12. Na4 Qc7 13. dxc5 dxc5 14. Rc1 b6 15. Bb3 h6 16. Bh4 Ba6 17. Re1 Nde5 18. Nxe5 Nxe5 19. Bd5 Bb7 20. Qe2 Bxd5 21. exd5 Qd7 22. Nc3 c4 23. Rc2 Rfe8 24. Rd1 Nd3 25. Qf1 b5 26. b3 Nb4 27. Rcc1 g5 28. Bg3 Bxc3 29. Rxc3 Nxa2 30. Rf3 Rac8 31. bxc4 bxc4 32. Ra3 Nb4 33. Rc3 Nd3 34. d6 f5 35. Bh2 f4 36. Rcxd3 cxd3 37. Qxd3 Re6 38. Qd5 Rc6 39. Rb1 Rcxd6 40. Qb3 Rb6 41. Qc2 Rxb1+ 42. Qxb1 Rb6 43. Qc2 Qc6 44. Qd1 Qd6 45. Qc2 Kg7 46. Qc3+ Qf6 47. Qc7+ Kg6 48. g4 Rb1+ 49. Kg2 f3+ 50. Kg3 Qf4+ 51. Qxf4 gxf4+ 52. Kxf4 Rh1 53. Bg3 Rxh3 0-1

[Event "ESP-chT CECLUB Div2"]
[Site "Linares"]
[Date "2022.08.22"]
[Round "1.6"]
[White "Jimenez de la Torre, Jose Antonio"]
[Black "Lorente Serrano, Rosa Adela"]
[Result "0-1"]
[WhiteElo "1938"]
[BlackElo "1980"]
[PlyCount "82"]
[EventDate "2022.08.22"]
[EventType "team-swiss"]
[EventRounds "7"]
[EventCountry "ESP"]
[SourceTitle "CBM 209 Extra"]
[Source "ChessBase"]
[SourceDate "2022.09.30"]
[SourceVersion "1"]
[SourceVersionDate "2022.09.30"]
[SourceQuality "1"]
[WhiteTeam "Reina Brillante"]
[BlackTeam "Nazari Area F5"]
[WhiteTeamCountry "ESP"]
[BlackTeamCountry "ESP"]

1. e4 d6 2. d4 Nf6 3. Nc3 g6 4. h4 Bg7 5. Be2 c5 6. dxc5 Qa5 7. Bd2 Qxc5 8. Nh3 Bxh3 9. Rxh3 h5 10. Rd3 Nbd7 11. Be3 Qa5 12. Bd2 Ne5 13. Rg3 Qb6 14. Bb5+ Kf8 15. Be3 Qa5 16. f3 Rc8 17. Be2 Nfd7 18. Kf1 Nc4 19. Bxc4 Bxc3 20. Bd4 Bxd4 21. Qxd4 Qe5 22. Qxe5 Nxe5 23. Bb3 Nc4 24. Bxc4 Rxc4 25. c3 Kg7 26. Ke2 Rhc8 27. Rd1 b5 28. a3 R8c5 29. Rh3 a5 30. Rhh1 b4 31. cxb4 axb4 32. axb4 Rxb4 33. Rd2 Rcb5 34. Rb1 Kf6 35. Ke3 Rb3+ 36. Ke2 Ke5 37. g3 f5 38. exf5 Kxf5 39. Kf2 d5 40. Ke2 e5 41. Rc2 e4 0-1

[Event "Titled Tuesday intern op 05th Jul Early"]
[Site "Chess.com INT"]
[Date "2022.07.05"]
[Round "11"]
[White "Lorente Serrano, Rosa Adela"]
[Black "Musat, Adrian"]
[Result "1-0"]
[WhiteElo "1958"]
[BlackElo "2378"]
[PlyCount "67"]
[EventDate "2022.07.05"]
[EventType "swiss (blitz)"]
[EventRounds "11"]
[EventCountry "USA"]
[SourceTitle "CBM 209 Extra"]
[Source "ChessBase"]
[SourceDate "2022.09.30"]
[SourceVersion "1"]
[SourceVersionDate "2022.09.30"]
[SourceQuality "1"]

1. d4 d5 2. Nf3 e6 3. Bf4 c5 4. e3 Nc6 5. c3 Nf6 6. Nbd2 Bd6 7. Ne5 Bxe5 8. dxe5 Nd7 9. Qg4 Kf8 10. Nf3 Qb6 11. Rb1 f5 12. Qh4 h6 13. g4 Ne7 14. Qh5 fxg4 15. Qxg4 Nf5 16. Bd3 g5 17. Bxf5 gxf4 18. Rg1 exf5 19. Qg7+ Ke8 20. Qxh8+ Nf8 21. Rg8 fxe3 22. Rxf8+ Kd7 23. Qg7+ Kc6 24. Rf6+ Kb5 25. Rxb6+ axb6 26. fxe3 Rxa2 27. Qf7 f4 28. Qe8+ Ka6 29. Qxc8 Ka7 30. e6 fxe3 31. e7 Ra4 32. e8Q b5 33. Qxb5 Ra6 34. Qbxb7# 1-0